Loading...
| History - American | 0 | 3 | 1 | 0 | 25 | 14 | 47.67 | 1 | 3 | 16.55 | 15.91 |
| Fine Arts - Classical Music | 0 | 1 | 0 | 0 | 10 | 52 | 52.00 | 1 | 1 | 5.18 | 9.09 |
| Fine Arts - Other | 0 | 1 | 0 | 0 | 10 | 77 | 77.00 | 0 | 1 | 4.30 | 6.82 |
| Fine Arts - Painting and Sculpture | 0 | 1 | 0 | 0 | 10 | 61 | 61.00 | 1 | 1 | 4.58 | 9.09 |
| History - European | 0 | 1 | 0 | 0 | 10 | 84 | 84.00 | 1 | 1 | 2.39 | 9.09 |
| History - Other | 0 | 1 | 0 | 0 | 10 | 95 | 95.00 | 1 | 1 | 2.01 | 9.09 |
| Literature - American | 0 | 1 | 0 | 0 | 10 | 102 | 102.00 | 0 | 1 | 2.91 | 4.55 |
| Philosophy | 0 | 1 | 0 | 0 | 10 | 125 | 125.00 | 1 | 1 | 0.00 | 2.27 |
| Religion | 0 | 1 | 0 | 1 | 10 | 98 | 98.00 | 0 | 1 | 1.60 | 4.55 |
| Current Events | 0 | 1 | 0 | 0 | 10 | 80 | 80.00 | 0 | 1 | 11.11 | 25.00 |
| Social Science | 0 | 1 | 0 | 0 | 10 | 36 | 36.00 | 1 | 1 | 6.19 | 9.09 |